Quentin Tarantino Movies by Image - Statistics

General Stats
  • This quiz has been taken 57 times
  • The average score is 8 of 10
Answer Stats
Picture Answer % Correct
Inglourious Basterds
92%
Kill Bill Vol. 1
92%
Pulp Fiction
88%
Reservoir Dogs
83%
Django Unchained
75%
Jackie Brown
75%
Once Upon a Time in Hollywood
75%
Kill Bill Vol. 2
69%
The Hateful Eight
69%
Death Proof
56%
No matching quizzes found
Score Distribution
Percent of People with Each Score
Percentile by Number Answered
Your Score History
You have not taken this quiz